000
00244 a2200109 4500
110
_a
United Nations Population Fund
245
_a
Population Issues
260
_c
2001
500
_a
Box 14
650
_2
Population Education
942
_c
PERIODICAL
999
_c
2576
_d
2576